000
00274nam a2200097Ia 4500
082
_a
EF|HASS
245
0
_a
Sophia : a novel
100
_a
Hassim, Shafinaaz Crown mines, South Africa, [c.2012]
_9
64599
942
_c
BK
008
210817s9999 xx 000 0 und d
999
_c
205846
_d
205845